Sports Quiz

Random Sports or NCAA Quiz

NCAA Tournament Consecutive Appearances Quiz Stats

 Plays Quiz not verified by Sporcle

Challenge
Share
Tweet
Embed
Score 0/15 Timer 03:00
0 Plays Today
Consecutive Appearances Team % Correct
14Duke
97.4%
27North Carolina
96.8%
15UCLA
93.1%
14UCLA
93.1%
17Kentucky
88.7%
20Kansas
87.4%
25Arizona
75.8%
11Texas
73.1%
Consecutive Appearances Team % Correct
12Michigan State
71.7%
18Indiana
70.4%
14Georgetown
57.8%
11Gonzaga
48.6%
11Wisconsin
40.9%
14Cincinnati
25.8%
12Temple
20.8%

You're not logged in!

Compare scores with friends on all Sporcle quizzes.
OR
Log In

You Might Also Like...

Show Comments

Extras

Top Quizzes Today


Score Distribution

Your Account Isn't Verified!

In order to create a playlist on Sporcle, you need to verify the email address you used during registration. Go to your Sporcle Settings to finish the process.

Report this User

Report this user for behavior that violates our Community Guidelines.

Details: